Surnoms des villes de France - Statistiques

Statistiques générales
  • Ce quiz a été pris 286 fois
    263 depuis la dernière actualisation
  • Le résultat moyen est 14 sur 40
Statistiques - réponses
Hint Réponse % Correct
La ville Lumière Paris
96%
La ville Rose Toulouse
96%
La cité Phocéenne Marseille
94%
Paname Paris
90%
La cité Nordiste Lille
89%
Nissa la bella Nice
85%
La ville des lumières Lyon
76%
La cité des Papes Avignon
70%
La capitale des Alpes Grenoble
57%
Roazhon la rouge Rennes
57%
La capitale des Gaules Lyon
47%
La belle catalane Perpignan
46%
La Venise Savoyarde Annecy
45%
La cité des Rois Reims
36%
La Rome Française Nîmes
35%
La Venise de l'ouest Nantes
33%
La cité Corsaire Saint Malo
31%
La ville aux 100 clochers Caen | Rouen | Dijon
30%
La cité des festivals Cannes
30%
La ville verte Angers | Saint Étienne
26%
Le port de la Lune Bordeaux
23%
La cité des ducs Chambéry | Dijon
20%
La petite Venise du Nord Amiens
15%
La cité du Ponant Brest
14%
La cité des anges Nice
14%
La vieille militaire Toulon
14%
Le 21eme arrondissement Montreuil | Deauville
12%
La capitale du temps Besançon
10%
Le diamant noir Clermont-Ferrand
10%
La cité Impériale Ajaccio
8%
La capitale de Rollon Rouen
8%
La cité des portes d'or Nancy
7%
La cité Johannique Orléans
7%
La belle endormie Dijon | Reims
6%
La ville Rouge Le Mans | Albi
6%
Le Clapas Montpellier
5%
La terre des Écrivains Tours
5%
La cité rebelle Marseille
4%
La ville Jardin Metz
4%
La cité/ville Noire Saint Étienne | Angers
4%
Aucun quiz correspondant
Distribution des résultats
% des personnes avec chaque résultat
Percentile par nombre de réponses
Votre historique - résultats
Vous n’avez pas pris ce quiz depuis la dernière actualisation